| 000 | 00687nam a22001937a 4500 | ||
|---|---|---|---|
| 003 | OSt | ||
| 005 | 20250930085426.0 | ||
| 008 | 250930b |||||||| |||| 00| 0 eng d | ||
| 040 | _cDCL | ||
| 041 | _aMyanmar | ||
| 082 | _a၈၉၅.၈၃ | ||
| 100 | 0 | _aဇ | |
| 245 | 1 | 0 |
_aအကြည်တော် / _cဇ။ |
| 264 |
_aရန်ကုန် ၊ _bတော်ဝင်မြို့မစာအုပ်တိုက်၊ _c၂၀၀၅။ |
||
| 300 |
_a၁၈၃ စာမျက်နှာ ၊ _c၂၀ စင်တီ။ |
||
| 650 | _aမြန်မာဝတ္ထု | ||
| 650 | _aမြန်မာဟာသဝတ္ထု | ||
| 942 |
_2ddc _cSHORT TERM _n0 |
||
| 999 |
_c2273 _d2273 |
||